00869nam a22002057a 450000500170000001000150001702000260003203500140005803700090007208200210008110000330010224501130013526000310024827001200027930000200039950000190041994200320043899900190047095201740048920241004143638.0 aENG-141905 c525.00a9788119403578 aEN-125437 bDBAD a345.40500263221 aMaheshwari, Bharat P.972386 aThe Bharatiya Nyaya Sanhita, 2023 (45 of 2023 & TheIndian Penal Code (45 of 1860)/cBy Bharat P. Maheshwari  bLexis Nexisc2024aGurgaon a14th Floor; Building No. 10 Tower -B , DLF Cyber City ,Phase-IIbGurgaon e122002k+91-124-4774444l+91-124-4774100c a358p.c24cm(pb)i aIncludes index 2ddccENmMAHh345.405002632 c206112d206112 001040708NFICaJPbJPd2024-10-04eDelivery of Books Act Divisiong525.00l1oMAH 345.405002632pEN-125437r2025-06-26 00:00:00s2025-06-16t1v525.00w2024-10-04yEN